FIFA 19 Top 10 Right Wingers - Statistics

General Stats
  • This quiz has been taken 75 times
  • The average score is 6 of 10
Answer Stats
Rank Player OVA % Correct
2 Gareth Bale 88
90%
1 Mohamed Salah 88
81%
5 Raheem Sterling 85
79%
3 Kylian Mbappé 87
75%
7 Arjen Robben 85
63%
4 Riyad Mahrez 85
57%
8 Bernardo Silva 84
54%
10 Juan Cuadrado 84
36%
9 Florian Thauvin 84
18%
6 Iago Aspas 85
10%
No matching quizzes found
Score Distribution
Percent of People with Each Score
Percentile by Number Answered
Your Score History
You have not taken this quiz